[Event "FICS rated blitz game"]
[Site "FICS freechess.org"]
[Date "2018.01.06"]
[Round "?"]
[White "Kyrseesee"]
[Black "laspac"]
[Result "1-0"]
[WhiteElo "1348"]
[BlackElo "1374"]
[PlyCount "77"]
[EventDate "2018.??.??"]
[EventType "blitz"]

1. e4 e5 2. Nf3 Nc6 3. c3 Bc5 4. d4 exd4 5. cxd4 Bb6 6. Bc4 h6 7. O-O d6 8. d5
Nce7 9. Be3 Nf6 10. Bxb6 axb6 11. Nc3 O-O 12. Qe2 Bg4 13. Qd3 Bxf3 14. Qxf3 Ng6
15. Bb3 Ne5 16. Qe3 Qd7 17. f4 Ng6 18. e5 dxe5 19. fxe5 Nxd5 20. Nxd5 Qc6 21.
Rac1 Qd7 22. Rxc7 Qb5 23. Rcxf7 Kh8 24. Rxf8+ Rxf8 25. Rxf8+ Nxf8 26. h3 Qc5
27. Qxc5 bxc5 28. Ne7 Nd7 29. Ng6+ Kh7 30. Bc2 Kg8 31. Kf2 Kf7 32. Kf3 b5 33.
Kf4 Nb6 34. Kf5 Nc4 35. e6+ Ke8 36. Bd3 Ne3+ 37. Ke4 Nxg2 38. Bxb5+ Kd8 39. e7+
{Black resigns} 1-0

[Event "FICS rated blitz game"]
[Site "FICS freechess.org"]
[Date "2018.01.06"]
[Round "?"]
[White "HUNTERJACK"]
[Black "pagerka"]
[Result "1-0"]
[WhiteElo "1505"]
[BlackElo "1531"]
[PlyCount "89"]
[EventDate "2018.??.??"]
[EventType "blitz"]

1. e4 e5 2. c3 Nc6 3. Nf3 d6 4. d4 exd4 5. cxd4 Bg4 6. Be2 Bxf3 7. Bxf3 Nf6 8.
O-O Be7 9. d5 Ne5 10. Qa4+ Ned7 11. Nc3 O-O 12. Bg5 h6 13. Bf4 a6 14. Rfe1 b5
15. Qc2 Ne5 16. Bd1 Ng6 17. Bd2 Re8 18. Re3 Bf8 19. Bc1 Ne5 20. Qd2 Nc4 21. Qd3
Nxe3 22. Qxe3 Qe7 23. Bc2 Nh7 24. Bd2 f5 25. f3 fxe4 26. fxe4 Nf6 27. Re1 Qe5
28. Ne2 Ng4 29. Qd3 Qxh2+ 30. Kf1 Qh1+ 31. Ng1 Be7 32. Be3 Rf8+ 33. Ke2 Bh4 34.
e5 Qxg2+ 35. Kd1 Nxe3+ 36. Rxe3 Qxg1+ 37. Kd2 Rf2+ 38. Kc3 b4+ 39. Kb3 g6 40.
e6 a5 41. Ka4 Qa1 42. b3 Qxa2+ 43. Kb5 Rb8+ 44. Kc6 Rxc2+ 45. Kd7 1-0

[Event "FICS rated standard game"]
[Site "FICS freechess.org"]
[Date "2018.01.06"]
[Round "?"]
[White "FyFazan"]
[Black "croga"]
[Result "0-1"]
[WhiteElo "1626"]
[BlackElo "1516"]
[PlyCount "84"]
[EventDate "2018.??.??"]

1. e4 e5 2. Nf3 Nc6 3. c3 a6 4. d4 exd4 5. cxd4 Bb4+ 6. Nc3 Nf6 7. Be2 d5 8.
exd5 Bxc3+ 9. bxc3 Nxd5 10. c4 Nf6 11. O-O O-O 12. Re1 Bf5 13. Bg5 Qd6 14. d5
Ne7 15. Rc1 c5 16. dxc6 Qxd1 17. Rexd1 Nxc6 18. Bxf6 gxf6 19. Rd6 Kg7 20. h3
Ne5 21. Nxe5 fxe5 22. Bf3 Rab8 23. Bd5 e4 24. Re1 Rfe8 25. a4 Re7 26. f3 e3 27.
Re2 h5 28. Kh2 h4 29. g3 hxg3+ 30. Kxg3 Bd3 31. Re1 b5 32. axb5 axb5 33. cxb5
Rxb5 34. Kf4 Rb4+ 35. Kg3 f6 36. Bc6 Bg6 37. Re2 Rc4 38. Bd5 Rc2 39. Rxc2 Bxc2
40. Rc6 e2 41. Rxc2 e1=Q+ 42. Kf4 Qe5+ {White resigns} 0-1

[Event "FICS rated lightning game"]
[Site "FICS freechess.org"]
[Date "2018.01.06"]
[Round "?"]
[White "kungzeb"]
[Black "Marloko"]
[Result "1-0"]
[WhiteElo "1847"]
[BlackElo "1740"]
[PlyCount "51"]
[EventDate "2018.??.??"]

1. e4 e5 2. Nf3 Nc6 3. c3 Nf6 4. d4 d6 5. dxe5 dxe5 6. Qxd8+ Kxd8 7. Bg5 Be7 8.
Bb5 Bd7 9. Bxc6 Bxc6 10. Nxe5 Ke8 11. f3 h6 12. Bh4 g5 13. Bf2 Rd8 14. O-O Bd6
15. Nc4 b5 16. Nxd6+ cxd6 17. Nd2 Kf8 18. Nb3 Kg7 19. Nd4 Bd7 20. Rad1 d5 21.
e5 Ne8 22. b3 Nc7 23. Rfe1 Ne6 24. Nf5+ Kg6 25. Nd6 Nc5 26. Bxc5 1-0

[Event "FICS rated blitz game"]
[Site "FICS freechess.org"]
[Date "2018.01.06"]
[Round "?"]
[White "jsssstplayinn"]
[Black "fepeven"]
[Result "0-1"]
[WhiteElo "1642"]
[BlackElo "1568"]
[PlyCount "106"]
[EventDate "2018.??.??"]
[EventType "blitz"]

1. e4 e5 2. Nf3 Nc6 3. c3 Bc5 4. Bb5 Nge7 5. O-O a6 6. Ba4 b5 7. Bc2 Bb7 8. d4
exd4 9. cxd4 Ba7 10. d5 Na5 11. b3 Bb6 12. Bg5 h6 13. Bh4 g5 14. Bg3 Ng6 15.
Ne5 Nf4 16. Bxf4 gxf4 17. Qh5 Qf6 18. Nc3 Bd4 19. Nxf7 Qxf7 20. Qxf7+ Kxf7 21.
Ne2 Bxa1 22. Rxa1 Rhe8 23. Nxf4 Re5 24. g3 Rae8 25. h4 c6 26. dxc6 Bxc6 27. f3
Rc5 28. Bd1 Rc8 29. Be2 Rc2 30. Kf2 b4 31. Ke3 Bb5 32. Bxb5 axb5 33. Rd1 Rxa2
34. Rxd7+ Ke8 35. Rh7 Rc3+ 36. Nd3 Nxb3 37. Rxh6 Nc1 38. Rd6 Ke7 39. Rd4 Raa3
40. Kf4 Nxd3+ 41. Kg4 Ne5+ 42. Kf4 Nxf3 43. Rxb4 Nd2 44. Rxb5 Rxg3 45. Rb7+ Kd6
46. Rb8 Rgf3+ 47. Kg4 Nxe4 48. Rd8+ Ke7 49. Rd4 Nf6+ 50. Kg5 Rg3+ 51. Kh6 Ra8
52. Re4+ Nxe4 53. Kh5 Rh8# {White checkmated} 0-1

[Event "FICS rated blitz game"]
[Site "FICS freechess.org"]
[Date "2018.01.06"]
[Round "?"]
[White "Margus"]
[Black "maraeka"]
[Result "0-1"]
[WhiteElo "1445"]
[BlackElo "1470"]
[PlyCount "56"]
[EventDate "2018.??.??"]
[EventType "blitz"]

1. e4 e5 2. Nf3 Nc6 3. c3 Bc5 4. d4 exd4 5. cxd4 Bb4+ 6. Bd2 Bxd2+ 7. Nbxd2 d6
8. Bc4 Na5 9. Qa4+ c6 10. O-O b5 11. Bxb5 cxb5 12. Qxb5+ Bd7 13. Qd5 Bc6 14.
Qh5 Nf6 15. Qg5 O-O 16. Rac1 Bxe4 17. Nxe4 Nxe4 18. Qh5 d5 19. Rfe1 Nf6 20. Qh3
Rc8 21. Ng5 h6 22. Ne6 Rxc1 23. Rxc1 fxe6 24. Qxe6+ Kh8 25. b3 Qd7 26. Qe3 Nb7
27. h3 Nd6 28. Rc7 Qxc7 {White resigns} 0-1

[Event "FICS rated blitz game"]
[Site "FICS freechess.org"]
[Date "2018.01.06"]
[Round "?"]
[White "kungzeb"]
[Black "Dzebic"]
[Result "0-1"]
[WhiteElo "1742"]
[BlackElo "1783"]
[PlyCount "80"]
[EventDate "2018.??.??"]
[EventType "blitz"]

1. e4 e5 2. Nf3 Nc6 3. c3 Nf6 4. d4 exd4 5. e5 Nd5 6. cxd4 Bb4+ 7. Bd2 O-O 8.
Bc4 Nb6 9. Bb3 d6 10. O-O dxe5 11. dxe5 Bg4 12. Bxb4 Nxb4 13. Qxd8 Raxd8 14.
Nbd2 Nd3 15. h3 Bh5 16. g4 Bg6 17. e6 fxe6 18. Bxe6+ Kh8 19. b3 Nf4 20. Rae1
Nxh3+ 21. Kh2 Nf4 22. Kg3 Nxe6 23. Rxe6 Nd5 24. Nc4 b5 25. Nce5 Nf4 26. Ra6
Ne2+ 27. Kh2 Be4 28. Re1 Bxf3 29. Nxf3 Nc3 30. Kg2 Rd3 31. Ng5 Rd2 32. Rf1 h6
33. Ne6 Rf6 34. Nxc7 Rxa6 35. Nxa6 Rxa2 36. Nb4 Rb2 37. Nc6 Rxb3 38. Nxa7 b4
39. Rc1 Rb2 40. Nc6 Ne4 0-1

[Event "FICS rated standard game"]
[Site "FICS freechess.org"]
[Date "2018.01.06"]
[Round "?"]
[White "ramarya"]
[Black "harikaabhiram"]
[Result "1-0"]
[WhiteElo "1729"]
[BlackElo "1471"]
[PlyCount "23"]
[EventDate "2018.??.??"]

1. e4 e5 2. Nf3 Nc6 3. c3 Nf6 4. Bc4 Nxe4 5. O-O Nd6 6. d4 f6 7. dxe5 fxe5 8.
Re1 e4 9. Nfd2 Nf5 10. Nxe4 Nfe7 11. Qd6 cxd6 12. Nxd6# {Black checkmated} 1-0

[Event "FICS rated blitz game"]
[Site "FICS freechess.org"]
[Date "2018.01.06"]
[Round "?"]
[White "NicolausSilver"]
[Black "kremba"]
[Result "1-0"]
[WhiteElo "1304"]
[BlackElo "1779"]
[PlyCount "41"]
[EventDate "2018.??.??"]
[EventType "blitz"]

1. e4 e5 2. Nf3 Nc6 3. c3 Bc5 4. b4 Bd6 5. Bc4 Nge7 6. Bxf7+ Kxf7 7. Ng5+ Kg6
8. d3 h6 9. Nf3 b5 10. Nh4+ Kh7 11. Nd2 a5 12. Ndf3 axb4 13. Bb2 bxc3 14. Bxc3
b4 15. Bd2 Ng6 16. Nf5 Bc5 17. h4 d6 18. g4 Bxf5 19. gxf5 Nge7 20. Qb3 Nd4 21.
Ng5+ {Black resigns} 1-0

[Event "FICS rated lightning game"]
[Site "FICS freechess.org"]
[Date "2018.01.06"]
[Round "?"]
[White "karthikg"]
[Black "killerbie"]
[Result "1-0"]
[WhiteElo "1837"]
[BlackElo "1948"]
[PlyCount "65"]
[EventDate "2018.??.??"]

1. e4 e5 2. Nf3 Nc6 3. c3 Nf6 4. d4 d5 5. dxe5 Nxe4 6. Bd3 Bg4 7. O-O Bc5 8.
Nbd2 Nxd2 9. Bxd2 O-O 10. Be2 Bxf3 11. Bxf3 Nxe5 12. Be2 c6 13. Qb3 Qc7 14.
Rad1 Rfe8 15. Rfe1 Bd6 16. h3 Rad8 17. Bc1 Nd7 18. Bd3 Nc5 19. Qc2 Nxd3 20.
Qxd3 Bc5 21. Be3 Qb6 22. Bxc5 Qxc5 23. Qg3 Rxe1+ 24. Rxe1 Qb6 25. Qd6 Rf8 26.
Qe7 Qxb2 27. Re3 Qb1+ 28. Kh2 Qg6 29. Rg3 Qe6 30. Qg5 g6 31. Qh6 Qd6 32. h4 f5
33. h5 1-0

[Event "FICS rated blitz game"]
[Site "FICS freechess.org"]
[Date "2018.01.06"]
[Round "?"]
[White "fabiuscu"]
[Black "Mucke"]
[Result "0-1"]
[WhiteElo "1123"]
[BlackElo "1367"]
[PlyCount "114"]
[EventDate "2018.??.??"]
[EventType "blitz"]

1. e4 e5 2. Nf3 Nc6 3. c3 Bc5 4. d4 exd4 5. Nxd4 Nxd4 6. cxd4 Bb4+ 7. Bd2 Bxd2+
8. Qxd2 d6 9. d5 Bd7 10. Nc3 a6 11. a4 h6 12. h4 Nf6 13. f3 Qe7 14. g4 Qe5 15.
f4 Qe7 16. Bh3 Nxe4 17. Nxe4 Qxe4+ 18. Kd1 Qf3+ 19. Kc2 O-O-O 20. Bg2 Qxg4 21.
Bh3 Qf3 22. Raf1 Qe4+ 23. Qd3 Qxd3+ 24. Kxd3 Bxh3 25. Rxh3 Rde8 26. Re3 Rxe3+
27. Kxe3 Re8+ 28. Kf3 f5 29. b4 Kd7 30. Rg1 Re7 31. Rb1 c6 32. dxc6+ bxc6 33.
b5 axb5 34. axb5 c5 35. b6 Kc6 36. Rd1 Rb7 37. Re1 Kd7 38. Rb1 d5 39. Rb5 Kc6
40. Ra5 d4 41. Ra7 g6 42. Ra8 Kxb6 43. Rg8 Re7 44. Rxg6+ Kb5 45. Rxh6 d3 46.
Rd6 Kc4 47. h5 Kc3 48. h6 c4 49. Rd5 Rf7 50. h7 Rxh7 51. Rxf5 Re7 52. Re5 Rxe5
53. fxe5 d2 54. e6 d1=Q+ 55. Kf4 Qd8 56. Kf5 Qe7 57. Ke5 Kd2 {White resigns}
0-1

[Event "FICS rated blitz game"]
[Site "FICS freechess.org"]
[Date "2018.01.06"]
[Round "?"]
[White "Tensecterror"]
[Black "daIlAi"]
[Result "0-1"]
[WhiteElo "1277"]
[BlackElo "1280"]
[PlyCount "74"]
[EventDate "2018.??.??"]
[EventType "blitz"]

1. e4 e5 2. Nf3 Nc6 3. c3 Nf6 4. d4 exd4 5. e5 Qe7 6. cxd4 Nd5 7. Bc4 Nb6 8.
Bb5 g6 9. Bxc6 bxc6 10. O-O Bg7 11. Nc3 O-O 12. Bg5 Qe6 13. Ne4 Nd5 14. Nc5 Qe8
15. Ne4 d6 16. Nc3 dxe5 17. Nxd5 cxd5 18. dxe5 Bxe5 19. Nxe5 Qxe5 20. Bh6 Rd8
21. Re1 Qf5 22. Qd4 f6 23. Re2 Ba6 24. Re3 c6 25. Rae1 Rac8 26. Re7 Rd7 27.
Re8+ Rxe8 28. Rxe8+ Kf7 29. Re1 Bb5 30. h3 g5 31. g4 Qg6 32. Bxg5 Qxg5 33. f4
Qh4 34. Kg2 Qxe1 35. g5 Qf1+ 36. Kg3 Qd3+ 37. Kh4 Qxd4 {White resigns} 0-1

[Event "FICS rated blitz game"]
[Site "FICS freechess.org"]
[Date "2018.01.06"]
[Round "?"]
[White "lukapav"]
[Black "Szabifa"]
[Result "0-1"]
[WhiteElo "1381"]
[BlackElo "1407"]
[PlyCount "162"]
[EventDate "2018.??.??"]
[EventType "blitz"]

1. e4 e5 2. Nf3 Nc6 3. c3 h6 4. d3 Nf6 5. Be2 Bc5 6. h3 O-O 7. O-O d6 8. d4
exd4 9. cxd4 Bb4 10. Qd3 Re8 11. e5 dxe5 12. dxe5 Qxd3 13. Bxd3 Nxe5 14. Nxe5
Rxe5 15. a3 Ba5 16. Bf4 Rd5 17. Bc2 Be6 18. b4 Bb6 19. Nc3 Rdd8 20. Rad1 Rd4
21. Be5 Rc4 22. Bxf6 gxf6 23. Rd2 Rxc3 24. a4 a6 25. Rfd1 Kg7 26. a5 Ba7 27.
Be4 Rb8 28. Rb1 Rc4 29. Bf3 b6 30. axb6 Rxb6 31. Rdb2 Rb5 32. Be2 Rf4 33. Bxb5
axb5 34. Rc1 Bb6 35. Re1 Bd4 36. Rc2 Bc4 37. g3 Rf3 38. Kg2 Rb3 39. Rd1 Bb6 40.
Rd7 Rxb4 41. h4 Rb1 42. h5 Re1 43. Kf3 Re5 44. g4 Bd5+ 45. Kg3 c6 46. Rd2 Ba5
47. Rd3 Be1 48. Rd1 Bc3 49. Rd3 b4 50. f4 Re2 51. R7xd5 cxd5 52. Rxd5 Re4 53.
Kf3 Rd4 54. Rb5 Bd2 55. f5 Rc4 56. Rd5 Bc3 57. Rb5 Rc8 58. Rb7 Ra8 59. Ke4 Ra3
60. Kd5 b3 61. Kc4 Be5 62. Rxb3 Rxb3 63. Kxb3 Kf8 64. Kc4 Ke7 65. Kd5 Bf4 66.
Kc6 Bg5 67. Kc7 Bf4+ 68. Kc6 Kd8 69. Kb6 Kd7 70. Kc5 Kc7 71. Kd5 Kb6 72. Ke4
Bg5 73. Kd5 Kb5 74. Kd6 Kc4 75. Ke7 Kd5 76. Kxf7 Ke4 77. Ke6 Kf4 78. Kd5 Kxg4
79. Ke4 Kxh5 80. Kf3 Kh4 81. Kg2 Kg4 {White resigns} 0-1

[Event "FICS rated blitz game"]
[Site "FICS freechess.org"]
[Date "2018.01.05"]
[Round "?"]
[White "windbumwino"]
[Black "TaccyChan"]
[Result "1-0"]
[WhiteElo "1522"]
[BlackElo "1407"]
[PlyCount "83"]
[EventDate "2018.??.??"]
[EventType "blitz"]

1. e4 e5 2. c3 Nc6 3. Nf3 d6 4. d4 exd4 5. cxd4 Nf6 6. d5 Ne7 7. Qa4+ Bd7 8.
Bb5 g6 9. e5 dxe5 10. Nxe5 Bxb5 11. Qxb5+ c6 12. dxc6 Nxc6 13. Nxc6 bxc6 14.
Qxc6+ Nd7 15. O-O Be7 16. Bh6 Rc8 17. Qa4 Rc7 18. Nc3 Bf8 19. Rfe1+ Be7 20. Bg7
Rg8 21. Bf6 Qc8 22. Nd5 Rc6 23. Rxe7+ Kf8 24. Rae1 Nxf6 25. Nxf6 Kg7 26. Qd4
Rxf6 27. Qxa7 Rf8 28. b4 Qc6 29. Qe3 Re6 30. Rxe6 Qxe6 31. Qxe6 fxe6 32. Rxe6
Rd8 33. Re1 Rd2 34. Ra1 Kf6 35. a4 Ke6 36. a5 Kd6 37. b5 Kc5 38. b6 Kb5 39. g3
Ka6 40. Kg2 Rd5 41. h4 Rb5 42. g4 {Black resigns} 1-0

[Event "FICS rated blitz game"]
[Site "FICS freechess.org"]
[Date "2018.01.05"]
[Round "?"]
[White "jbuky"]
[Black "SilvrEagle"]
[Result "0-1"]
[WhiteElo "1418"]
[BlackElo "1501"]
[PlyCount "34"]
[EventDate "2018.??.??"]
[EventType "blitz"]

1. e4 e5 2. Nf3 Nc6 3. c3 Nf6 4. d4 Nxe4 5. d5 Nb8 6. Qe2 f5 7. Nxe5 Qe7 8. f4
d6 9. Nf3 Nd7 10. Be3 h6 11. Na3 a6 12. O-O-O Ndf6 13. h3 Bd7 14. Nc2 Ng3 15.
Qc4 Nxh1 16. Qxc7 Bb5 17. Qxb7 Qxb7 {White resigns} 0-1

[Event "FICS rated lightning game"]
[Site "FICS freechess.org"]
[Date "2018.01.05"]
[Round "?"]
[White "rusalka"]
[Black "NonoBe"]
[Result "0-1"]
[WhiteElo "1315"]
[BlackElo "1180"]
[PlyCount "128"]
[EventDate "2018.??.??"]

1. e4 e5 2. Nf3 Nc6 3. c3 Nf6 4. d4 exd4 5. e5 Ng4 6. cxd4 d6 7. h3 Nh6 8. Nc3
Nf5 9. Bg5 Be7 10. Bf4 dxe5 11. dxe5 Qxd1+ 12. Rxd1 O-O 13. Bd3 Be6 14. Bb5 Nb4
15. Ba4 Rad8 16. Bb3 Rxd1+ 17. Nxd1 Bxb3 18. Ne3 Nxe3 19. Bxe3 Bxa2 20. Kd2 Bd5
21. Ra1 a6 22. Rc1 Bxf3 23. Rxc7 Nd5 24. Rxe7 Nxe7 25. gxf3 Rd8+ 26. Kc2 Nf5
27. Bb6 Rd7 28. Kc3 Nh4 29. f4 Ng2 30. Be3 Nxe3 31. fxe3 Kf8 32. e4 Ke7 33. f5
Rc7+ 34. Kd4 Rc2 35. b3 Rb2 36. b4 Rxb4+ 37. Kd5 Rb5+ 38. Kd4 Kd7 39. h4 a5 40.
f6 gxf6 41. exf6 Rh5 42. e5 Rxh4+ 43. Kd5 Rh5 44. Kc5 Rxe5+ 45. Kb6 Ke6 46.
Kxb7 a4 47. Kc6 a3 48. Kb7 a2 49. Kc7 a1=Q 50. Kc8 Kxf6 51. Kd7 h5 52. Kd6 h4
53. Kc6 h3 54. Kc7 h2 55. Kb7 h1=Q+ 56. Kc7 Ke6 57. Kb6 f5 58. Kc7 f4 59. Kc8
f3 60. Kb7 f2+ 61. Kc7 f1=Q 62. Kc8 Qh8+ 63. Kb7 Qfa6+ 64. Kc7 Rc5# {White
checkmated} 0-1

[Event "FICS rated blitz game"]
[Site "FICS freechess.org"]
[Date "2018.01.05"]
[Round "?"]
[White "morts"]
[Black "nzhoney"]
[Result "0-1"]
[WhiteElo "1162"]
[BlackElo "1142"]
[PlyCount "94"]
[EventDate "2018.??.??"]
[EventType "blitz"]

1. e4 e5 2. Nf3 Nc6 3. c3 Nf6 4. d3 Bc5 5. Be2 Ng4 6. O-O Be7 7. Bd2 d6 8. Qc1
h6 9. h3 Nf6 10. d4 Bd7 11. d5 Nb8 12. Qc2 c6 13. c4 Na6 14. b4 c5 15. b5 Nb4
16. Qb3 a5 17. Bxb4 axb4 18. a4 b6 19. Nbd2 Nh5 20. Nh2 Nf4 21. Bf3 g5 22. Ng4
h5 23. Nh2 g4 24. hxg4 hxg4 25. Bxg4 Bxg4 26. Nxg4 Qd7 27. f3 f5 28. exf5 Qxf5
29. Rae1 Rh5 30. Ne4 Kd7 31. Ng3 Qg5 32. Nxh5 Nxh5 33. Kf2 Qh4+ 34. Ke2 Nf4+
35. Ke3 Qg5 36. Kf2 Qh4+ 37. Ke3 Nxg2+ 38. Kd2 Bg5+ 39. Kd1 Nxe1 40. Rxe1 Re8
41. Re2 e4 42. Rh2 Qg3 43. Rh7+ Kd8 44. a5 exf3 45. axb6 Qe1+ 46. Kc2 Re2+ 47.
Kd3 Qd2# {White checkmated} 0-1

[Event "FICS rated blitz game"]
[Site "FICS freechess.org"]
[Date "2018.01.05"]
[Round "?"]
[White "kiknit"]
[Black "rantelg"]
[Result "1-0"]
[WhiteElo "1456"]
[BlackElo "1427"]
[PlyCount "41"]
[EventDate "2018.??.??"]
[EventType "blitz"]

1. e4 e5 2. Nf3 Nc6 3. c3 d6 4. Bc4 Be6 5. Bxe6 fxe6 6. d4 Nf6 7. dxe5 Nxe5 8.
Nxe5 dxe5 9. Qa4+ c6 10. Qb3 Qd7 11. Bg5 Be7 12. Nd2 O-O 13. h4 h6 14. c4 hxg5
15. hxg5 Ng4 16. Qh3 Rad8 17. O-O-O Nxf2 18. Qh8+ Kf7 19. Qh5+ Kg8 20. g6 Nd3+
21. Kb1 {Black resigns} 1-0

[Event "FICS rated blitz game"]
[Site "FICS freechess.org"]
[Date "2018.01.05"]
[Round "?"]
[White "echecamat"]
[Black "QueenBelle"]
[Result "1-0"]
[WhiteElo "1125"]
[BlackElo "984"]
[PlyCount "35"]
[EventDate "2018.??.??"]
[EventType "blitz"]

1. e4 e5 2. Nf3 Nc6 3. c3 Nf6 4. Qc2 Bc5 5. Bc4 d5 6. exd5 Nxd5 7. O-O O-O 8.
Re1 Re8 9. d3 f6 10. Nbd2 Bb6 11. Ne4 Bf5 12. b4 Nce7 13. Bb3 c6 14. Ng3 Bg6
15. Nh4 Bf7 16. c4 Nf4 17. Bxf4 exf4 18. Ne4 {Black resigns} 1-0

[Event "FICS rated blitz game"]
[Site "FICS freechess.org"]
[Date "2018.01.05"]
[Round "?"]
[White "proximab"]
[Black "Geforce"]
[Result "1-0"]
[WhiteElo "1900"]
[BlackElo "2103"]
[PlyCount "69"]
[EventDate "2018.??.??"]
[EventType "blitz"]

1. e4 e5 2. Nf3 Nc6 3. c3 Bc5 4. b4 Bb6 5. b5 Nb8 6. Nxe5 Qe7 7. f4 d6 8. Ba3
Nf6 9. Qc2 O-O 10. d4 Re8 11. Bc4 Be6 12. Bd3 c5 13. bxc6 Nxc6 14. Nxc6 bxc6
15. e5 Ng4 16. Bxd6 Qh4+ 17. g3 Qh3 18. Be4 Bd5 19. Bxd5 cxd5 20. Na3 Rac8 21.
Qd2 Ba5 22. Bc5 f6 23. O-O-O fxe5 24. fxe5 Nxe5 25. Nb5 Nd7 26. Nd6 Nxc5 27.
dxc5 Rxc5 28. Nxe8 Bxc3 29. Qe2 Bb4+ 30. Kb1 Qf5+ 31. Rd3 Bc3 32. Rf1 Qc8 33.
a4 Bb4 34. Qe7 Rc1+ 35. Rxc1 1-0

[Event "FICS rated blitz game"]
[Site "FICS freechess.org"]
[Date "2018.01.05"]
[Round "?"]
[White "fabiuscu"]
[Black "Baweja"]
[Result "1-0"]
[WhiteElo "1143"]
[BlackElo "1388"]
[PlyCount "21"]
[EventDate "2018.??.??"]
[EventType "blitz"]

1. e4 e5 2. Nf3 Nc6 3. c3 Nf6 4. d3 Bc5 5. b4 Bb6 6. a4 a6 7. a5 Ba7 8. h3 O-O
9. g4 d6 10. Nh4 Be6 11. Nf5 1-0

[Event "FICS rated blitz game"]
[Site "FICS freechess.org"]
[Date "2018.01.05"]
[Round "?"]
[White "JoaoC"]
[Black "Danieldat"]
[Result "1-0"]
[WhiteElo "1515"]
[BlackElo "912"]
[PlyCount "27"]
[EventDate "2018.??.??"]
[EventType "blitz"]

1. e4 Nc6 2. Nf3 e5 3. c3 f6 4. d3 Nge7 5. b4 d5 6. exd5 Nxd5 7. Be2 Bg4 8. Bb2
Bxf3 9. Bxf3 Be7 10. O-O O-O 11. Qb3 Kh8 12. Qxd5 Qxd5 13. Bxd5 Nb8 14. Bxb7
1-0

[Event "FICS rated blitz game"]
[Site "FICS freechess.org"]
[Date "2018.01.05"]
[Round "?"]
[White "proximab"]
[Black "foxbat"]
[Result "0-1"]
[WhiteElo "1918"]
[BlackElo "1847"]
[PlyCount "46"]
[EventDate "2018.??.??"]
[EventType "blitz"]

1. e4 e5 2. Nf3 Nc6 3. c3 d5 4. Qa4 dxe4 5. Nxe5 Bd7 6. Nxd7 Qxd7 7. Qxe4+ Be7
8. Bb5 Nf6 9. Bxc6 bxc6 10. Qe2 O-O 11. O-O Rfe8 12. d4 Rab8 13. Qa6 Bd6 14. h3
Ne4 15. Qa4 Qf5 16. Qxc6 Re6 17. Qa4 Rg6 18. Qxa7 Re8 19. Qa4 Rd8 20. h4 Qh3
21. g3 Rxg3+ 22. fxg3 Qxg3+ 23. Kh1 Qh2# {White checkmated} 0-1

[Event "FICS rated blitz game"]
[Site "FICS freechess.org"]
[Date "2018.01.05"]
[Round "?"]
[White "ChrisVermaak"]
[Black "IndianTorpedo"]
[Result "0-1"]
[WhiteElo "1070"]
[BlackElo "1122"]
[PlyCount "76"]
[EventDate "2018.??.??"]
[EventType "blitz"]

1. e4 e5 2. Nf3 Nc6 3. c3 d6 4. b4 Bg4 5. Be2 Qf6 6. O-O a6 7. g3 Bh3 8. Re1
Nh6 9. d4 Ng4 10. dxe5 Ncxe5 11. Bg5 Qg6 12. Nxe5 Nxe5 13. f4 Qxe4 14. Bf1 Nf3+
15. Kf2 Nxe1 16. Qxe1 Qxe1+ 17. Kxe1 Bxf1 18. Kxf1 f6 19. Bh4 Be7 20. g4 O-O-O
21. f5 d5 22. Nd2 d4 23. cxd4 Bxb4 24. Nb3 a5 25. a3 Bc3 26. Rd1 b5 27. Be1 b4
28. axb4 axb4 29. d5 Rd6 30. Nc5 Bxe1 31. Kxe1 Re8+ 32. Kf2 Re5 33. Kf3 Rdxd5
34. Rxd5 Rxd5 35. Ne6 Rd3+ 36. Ke4 Rh3 37. Nxg7 b3 38. Ne6 b2 {White resigns}
0-1

[Event "FICS rated blitz game"]
[Site "FICS freechess.org"]
[Date "2018.01.05"]
[Round "?"]
[White "intihuantana"]
[Black "Blakhorse"]
[Result "0-1"]
[WhiteElo "1957"]
[BlackElo "1973"]
[PlyCount "48"]
[EventDate "2018.??.??"]
[EventType "blitz"]

1. e4 e5 2. Nf3 Nc6 3. c3 Nf6 4. d4 Nxe4 5. Qe2 d5 6. Nxe5 Nxe5 7. dxe5 Be7 8.
Be3 c6 9. Nd2 Nc5 10. Nf3 Bg4 11. h3 Bh5 12. g4 Bg6 13. Bxc5 Bxc5 14. e6 O-O
15. Nd4 Qb6 16. O-O-O fxe6 17. Qxe6+ Kh8 18. h4 Rae8 19. h5 Rxe6 20. Nxe6 Rf6
21. hxg6 Rxe6 22. Rxh7+ Kg8 23. Bd3 Bxf2 24. Rg1 Bxg1 0-1

[Event "FICS rated blitz game"]
[Site "FICS freechess.org"]
[Date "2018.01.05"]
[Round "?"]
[White "MirunaVlad"]
[Black "djangoj"]
[Result "0-1"]
[WhiteElo "1206"]
[BlackElo "1027"]
[PlyCount "42"]
[EventDate "2018.??.??"]
[EventType "blitz"]

1. e4 e5 2. Nf3 Nc6 3. c3 Nf6 4. d3 Bc5 5. Bg5 O-O 6. Bxf6 Qxf6 7. Nbd2 Re8 8.
Qb3 b6 9. Qc4 Na5 10. Qa4 a6 11. b4 Bxf2+ 12. Kxf2 Nc6 13. b5 Nb8 14. d4 d6 15.
d5 Bd7 16. c4 Bc8 17. bxa6 Bd7 18. Qb3 Rxa6 19. c5 Ra5 20. c6 Bc8 21. Nc4 Rc5
0-1

[Event "FICS unrated blitz game"]
[Site "FICS freechess.org"]
[Date "2018.01.05"]
[Round "?"]
[White "mougly"]
[Black "voodooyak"]
[Result "1-0"]
[WhiteElo "1378"]
[BlackElo "1364"]
[PlyCount "61"]
[EventDate "2018.??.??"]
[EventType "blitz"]

1. e4 e5 2. Nf3 Nc6 3. c3 Nf6 4. d3 d6 5. Bg5 Be7 6. Be2 O-O 7. O-O h6 8. Bh4
Be6 9. Nbd2 Re8 10. d4 exd4 11. cxd4 Nb8 12. d5 Bd7 13. Nd4 c6 14. Qb3 Qb6 15.
dxc6 Nxc6 16. Nxc6 Bxc6 17. Qxb6 axb6 18. f3 d5 19. Bd3 Bc5+ 20. Kh1 dxe4 21.
fxe4 Nxe4 22. Nxe4 Bxe4 23. Bb5 Bc6 24. Bc4 Ra4 25. Bxf7+ Kh8 26. Bxe8 Rxh4 27.
Bxc6 bxc6 28. Rad1 Bd4 29. b3 c5 30. Rf8+ Kh7 31. Rb8 1-0

[Event "FICS rated blitz game"]
[Site "FICS freechess.org"]
[Date "2018.01.05"]
[Round "?"]
[White "bobbydaffy"]
[Black "dakeyno"]
[Result "1-0"]
[WhiteElo "1368"]
[BlackElo "1177"]
[PlyCount "55"]
[EventDate "2018.??.??"]
[EventType "blitz"]

1. e4 e5 2. Nf3 Nc6 3. c3 Bc5 4. Bc4 Qe7 5. O-O d6 6. d4 exd4 7. cxd4 Bb6 8.
Bg5 f6 9. Bh4 h5 10. e5 g5 11. exd6 Qxd6 12. Re1+ Kd8 13. Nxg5 fxg5 14. Bxg5+
Nf6 15. Nc3 a6 16. Qf3 Rf8 17. Qxh5 Bg4 18. Qxg4 Bxd4 19. Nd5 Ne5 20. Bxf6+ Ke8
21. Qh5+ Kd7 22. Bxe5 Bxe5 23. Rxe5 Kc6 24. Rc1 Qd8 25. Bf1+ Kd6 26. Nxc7 Rc8
27. Re6+ Kd7 28. Qh7+ {Black resigns} 1-0

[Event "FICS rated blitz game"]
[Site "FICS freechess.org"]
[Date "2018.01.05"]
[Round "?"]
[White "zbobi"]
[Black "guiga"]
[Result "1-0"]
[WhiteElo "1419"]
[BlackElo "1321"]
[PlyCount "125"]
[EventDate "2018.??.??"]
[EventType "blitz"]

1. e4 e5 2. Nf3 Nc6 3. c3 d6 4. Bc4 g6 5. Qb3 Be6 6. Bxe6 fxe6 7. Qxe6+ Nce7 8.
Qb3 Rb8 9. O-O Nf6 10. d4 exd4 11. Nxd4 c6 12. Bg5 Qd7 13. Bxf6 Bg7 14. Bxg7
Rg8 15. Bf6 Nc8 16. Nd2 Qf7 17. Qxf7+ Kxf7 18. Bg5 Ne7 19. f4 d5 20. e5 Nf5 21.
Nxf5 gxf5 22. Bf6 Ke6 23. Nf3 Rg4 24. g3 Rbg8 25. Ng5+ Kd7 26. Kh1 h5 27. Rad1
b5 28. b3 h4 29. Rg1 hxg3 30. Rxg3 Rxg3 31. hxg3 Rg6 32. Kg2 a5 33. Rh1 c5 34.
Rh7+ Kc6 35. Rg7 Rh6 36. Bd8 d4 37. cxd4 cxd4 38. e6 d3 39. Nf3 a4 40. e7 Kd7
41. Rg8 Re6 42. Nd2 Re2+ 43. Kf3 axb3 44. Nxb3 b4 45. e8=Q+ Rxe8 46. Rxe8 Kxe8
47. Ba5 Kd7 48. Bxb4 Kc6 49. Ke3 Kb5 50. Bc3 Kc4 51. Kd2 Kb5 52. Nd4+ Ka4 53.
Nxf5 Ka3 54. Kxd3 Kxa2 55. g4 Kb3 56. g5 Ka4 57. g6 Kb5 58. g7 Kc5 59. g8=Q Kc6
60. Nd6 Kxd6 61. f5 Ke7 62. f6+ Kd6 63. f7 {Black resigns} 1-0